Winners manual : archiving excellence, influencing people, balancing work and life (Record no. 183216)
[ view plain ]
| 000 -LEADER | |
|---|---|
| fixed length control field | 00500nam a2200145Ia 4500 |
| 008 - FIXED-LENGTH DATA ELEMENTS--GENERAL INFORMATION | |
| fixed length control field | 231217s9999 xx 000 0 und d |
| 041 ## - LANGUAGE CODE | |
| Language code of text/sound track or separate title | English |
| 082 ## - DEWEY DECIMAL CLASSIFICATION NUMBER | |
| Classification number | 158.1 DKL.1;5 R |
| 100 ## - MAIN ENTRY--PERSONAL NAME | |
| Personal name | Johnson, Roy. Eaton, John. Holden, Robert et. al. |
| 245 #0 - TITLE STATEMENT | |
| Title | Winners manual : archiving excellence, influencing people, balancing work and life |
| 260 ## - PUBLICATION, DISTRIBUTION, ETC. | |
| Date of publication, distribution, etc. | 2008 |
| Name of publisher, distributor, etc. | Darling Kindersley |
| Place of publication, distribution, etc. | London |
| 300 ## - PHYSICAL DESCRIPTION | |
| Extent | 72 |
| 650 ## - SUBJECT ADDED ENTRY--TOPICAL TERM | |
| Topical term or geographic name entry element | Winners,selling,successfully,,making,presentations,,manage,time |
| 942 ## - ADDED ENTRY ELEMENTS (KOHA) | |
| Koha item type | Books |
| Date last seen | Total checkouts | Full call number | Accession number | Cost, total (INR) price | Price effective from | Category | Lost status | Damaged status | Department | Withdrawn status | Home library | Current library | Shelving location | Entry date | Vendor | Cost, normal purchase price | Grants | Billnumber | Billdate | Currency symbol | Conversion rate | Discount | Old discount |
|---|---|---|---|---|---|---|---|---|---|---|---|---|---|---|---|---|---|---|---|---|---|---|---|
| 26/01/2024 | 158.1 DKL.1;5 R | 54338 | 149.75 | 26/01/2024 | Books | Central Library | Central Library | Central Library | Central Library | 22/05/2009 | The Guys | 149.75 | GEN | 7320 | 05/02/2013 | RS | 1 |
